Statistics for Rock/Metal Bands with Animals in their Names

Click here to take the quiz!

General Stats

  • This quiz has been taken 81 times
  • The average score is 3 of 13

Answer Stats

SongBand% Correct
Born to be WildSteppenwolf
75%
HysteriaDef Leppard
66%
In-A-Gadda-Da-VidaIron Butterfly
47%
Send Me An AngelScorpions
34%
Children Of The RevolutionT. Rex
30%
Hunger StrikeTemple of the Dog
20%
Novocaine For The SoulEels
12%
RedneckLamb of God
9%
Jaguar GodMastodon
9%
Train Kept A Rollin'The Yardbirds
9%
MoviesAlien Ant Farm
7%
I Want You So HardEagles of Death Metal
5%
WhamolaColonel Les Claypool's Fearless Flying Frog Brigade
3%

Score Distribution

Percentile by Number Answered

Percent of People with Each Score

Your Score History

You have not taken this quiz